| 000 | | | 04097nmc2a22002533x 450 |
| 001 | | | 3b1f4426-7494-4bdb-9a86-ab24319a3719 |
| 005 | | | 20211213155244.0 |
| 100 | ## | $a | 20210913l19081910k l0rusy0189 ca |
| 101 | 0# | $a | rus |
| | $a | ger |
| 102 | ## | $a | RU |
| 105 | ## | $a | a### |
| 122 | 2# | $a | d |
| 200 | 1# | $a | Письма (два) и телеграммы (три) Альберта Альбертовича Треплина Анатолию Евграфовичу Молчанову о заседаниях русской группы франко-русского синдиката |
| | $j | 8(21) августа 1908 г. - 10 июня 1910 г. |
| 215 | ## | $a | 5 л. |
| | $c | ил. |
| | $d | 36,5х26 см |
| 251 | ## | $c | Дело |
| 300 | ## | $a | Русское общество пароходства и торговли (РОПиТ). Письма и телеграммы Анатолию Евграфовичу Молчанову |
| 300 | ## | $a | На русском и немецком языках |
| 371 | ## | $a | Документ не является опубликованным и широко распространяемым |
| 461 | #0 | $1 | 001db61d72f-43f2-409f-8a83-e0351aa81d78 |
| | $1 | 2001 |
| | $a | Молчанов Анатолий Евграфович (1856-1921), вице-президент Русского театрального общества, редактор журнала "Ежегодник императорских театров", председатель правления Русского общества пароходства и торговли |
| | $1 | 251 |
| | $c | Фонд |
| | $1 | 852 |
| | $j | 678 |
| 462 | #0 | $1 | 0019dad07dd-c609-4d13-9b36-4e45395a7de5 |
| | $1 | 2001 |
| | $a | 1791-1921 гг. |
| | $1 | 251 |
| | $c | Опись |
| | $1 | 852 |
| | $j | 1 |
| 801 | #0 | $a | RU |
| | $b | РГИА |
| | $c | 20210913 |
| | $g | RCR |
| 801 | #1 | $a | RU |
| | $b | ГлавНИВЦ |
| | $c | 20210913 |
| | $2 | rusmarc |
| 801 | #2 | $a | RU |
| | $b | ПБ им. Б.Н. Ельцина |
| | $c | 20211213 |
| | $g | RCR |
| | $2 | rusmarc |
| 850 | ## | $a | РГИА |
| 852 | ## | $a | РГИА |
| | $e | Федеральное казенное учреждение "Российский государственный исторический архив" (РГИА) |
| | $j | 1355 |
| 937 | ## | $h | РГИА |
| | $d | 12323383 |
| | $a | ASBIBLIO_SCAN |
| 035 | ## | $a | RusGRCC00032741 |
| 856 | ## | $u | http://readingroom.main.prlib.ru/item.aspx?id_node=n171523284&mode=full |